000 01375nam a2200421 i 4500
001 34455
003 KOSZ 005
005 20200805093814.0
008 961010s1995 pl f f |000 0 pol d
020 _a8300028781
040 _cKOSZ 005
_aKOSZ 005
_dKOSZ 005/HR
046 _k1990
080 _a664
080 _a63
080 _a620.2
080 _a(075.8)
245 0 0 _aSurowce spożywcze /
_cpod red. nauk. Urszuli Świetlikowskiej ; [aut. Urszula Świetlikowska et al.].
260 _aWarszawa :
_bWydawnictwo SGGW,
_c1995.
300 _a301 s. ;
_c24 cm.
336 _2rdacontent
_aTekst
_btxt
337 _2rdamedia
_aBez urządzenia pośredniczącego
_bn
338 _2rdacarrier
_aWolumin
_bnc
380 _aKsiążki
380 _aPublikacje dydaktyczne
385 _mPoziom nauczania
_aSzkoły wyższe
388 _a1901-2000
388 _a1989-2000
650 7 _aSurowce zwierzęce
650 7 _aSurowce roślinne
650 7 _aŻywność
650 7 _aTowaroznawstwo
655 7 _aPodręczniki akademickie
658 _aRolnictwo i leśnictwo
700 1 _aŚwietlikowska, Urszula
_d(1929-2001)
_eAutor
_eRedakcja
710 2 _aWydawnictwo SGGW
_4pbl
856 _uhttp://koha.tu.koszalin.pl/cgi-bin/koha/opac-detail.pl?biblionumber=34455
_yKatalog online BPK
942 _cKS
_2UKD
999 _c34455
_d34455